000 00329nam a22001337a 4500
008 170221b xxu||||| |||| 00| 0 eng d
020 _a9780781753548
041 _aeng
080 _a615
100 _a5
101 _aSHF
245 _aSTUDY GUIDE TO ACCOMPANY FOUNDATIONS OF CLINICAL DRUG THERAPY
_cABRAMS, A.C
942 _2udc
_cBK
999 _c5950
_d5950